| 000 | 00901cab a2200289 4500 | ||
|---|---|---|---|
| 001 | WB3314-08 | ||
| 008 | 090401t1997 xxu||||| |||| 00| 0 eng d | ||
| 035 | _a(Sirsi) u77635 | ||
| 041 | _aeng | ||
| 245 | _aLift slab fears | ||
| 260 | _c1997 | ||
| 350 | _a0 | ||
| 490 |
_aNew Civil Engineer _v27 March - 3 April 1997, 3&4(2) |
||
| 520 | _aThe sudden collapse of a 1960s carpark in Wolverhampton has lead to the closure of similar multistorey carparks which were built using the popular American-developed lift slab technique. | ||
| 650 | _aBUILDING FAILURES | ||
| 650 | _aCAR PARKS | ||
| 650 | _aCOLLAPSE | ||
| 650 | _aHEALTH AND SAFETY EXECUTIVE | ||
| 650 | _aLIFT SLABS | ||
| 650 | _aMULTI-STOREY CAR PARKS | ||
| 650 | _aSAFETY | ||
| 650 | _aTILBURY DOUGLAS | ||
| 650 | _aWOLVERHAMPTON | ||
| 690 | _aBUILT ENVIRONMENT-BUILDING PATHOLOGY | ||
| 942 | _n0 | ||
| 948 | _c08/04/1997 | ||
| 999 |
_c48799 _d48799 |
||